|
|
|
|
| LEADER |
01660nam a2200457za 4500 |
| 001 |
001000074 |
| 003 |
CZ BrMZK |
| 005 |
20240909111348.0 |
| 007 |
ta |
| 008 |
070308s2005 enka|||grp |||||j engod |
| 020 |
|
|
|a 1405072725
|q (brož.)
|
| 040 |
|
|
|a BOA001
|b cze
|
| 072 |
|
7 |
|a 811.111
|x Angličtina
|2 Konspekt
|9 11
|
| 072 |
|
7 |
|a 821.111-3
|x Anglická próza, anglicky psaná
|2 Konspekt
|9 25
|
| 080 |
|
|
|a 821.111-32
|2 MRF
|
| 080 |
|
|
|a 811.111
|2 MRF
|
| 080 |
|
|
|a 028.4-028.31/.32
|2 MRF
|
| 080 |
|
|
|a (0:82-322.5)
|2 MRF
|
| 080 |
|
|
|a (07.062)81
|2 MRF
|
| 100 |
1 |
|
|a McGovern, Kieran
|7 xx0041455
|4 aut
|
| 245 |
1 |
0 |
|a Love by design /
|c Kieran McGovern
|
| 250 |
|
|
|a 1st publ. this edition
|
| 260 |
|
|
|a Oxford :
|b Macmillan,
|c 2005
|
| 300 |
|
|
|a 63 s. :
|b il.
|
| 490 |
1 |
|
|a Macmillan readers. Elementary level
|
| 650 |
0 |
7 |
|a angličtina
|7 ph114056
|2 czenas
|
| 650 |
0 |
7 |
|a zjednodušená četba
|7 ph656682
|2 czenas
|
| 650 |
0 |
9 |
|a English language
|2 eczenas
|
| 650 |
0 |
9 |
|a simplified reading
|2 eczenas
|
| 653 |
0 |
|
|a jazyková úroveň A2
|
| 655 |
|
7 |
|a anglicky psané příběhy
|7 fd183173
|2 czenas
|
| 655 |
|
7 |
|a milostné příběhy
|7 fd132054
|2 czenas
|
| 655 |
|
7 |
|a jazykové učebnice, texty, příručky (A)
|7 fd600889
|2 czenas
|
| 655 |
|
9 |
|a stories in English
|2 eczenas
|
| 655 |
|
9 |
|a love stories
|2 eczenas
|
| 655 |
|
9 |
|a language textbooks, texts, handbooks (A)
|2 eczenas
|
| 830 |
|
0 |
|a Macmillan readers.
|p Elementary level
|
| 910 |
|
|
|a BOA001
|b AK-0005.949
|
| 990 |
|
|
|a BK
|
| 991 |
|
|
|b 201003
|y British Council Brno - Czech Republic
|z 000048660
|x 99
|
| 996 |
7 |
|
|b 261E006687
|c AK-0005.949
|l Anglická knihovna/2.patro
|r ZHR
|n 65
|h SR-F
|w 001000074
|u 000010
|a 0
|e BOA001
|j MZK50
|s A
|